Informe de labores de la licencia sabática 1/07/2008 al 31/12/2008 /
| Autore principale: | |
|---|---|
| Natura: | Libro |
| Lingua: | spagnolo |
| Pubblicazione: |
San José, Costa Rica :
Universidad de Costa Rica. Escuela de Formación Docente. INIE,
2009
|
| Soggetti: |
MARC
| LEADER | 00000nam a2200000Ia 4500 | ||
|---|---|---|---|
| 008 | 180912b2009 cr ||||| |||| 00| | spa d | ||
| 999 | |c 2384 |d 2384 | ||
| 090 | |a 19.02.08 |b 90 | ||
| 100 | 1 | |a Chaves Salas, Ana Lupita |9 255 | |
| 245 | 1 | 0 | |a Informe de labores de la licencia sabática 1/07/2008 al 31/12/2008 / |c Lupita Chaves Salas |
| 260 | |a San José, Costa Rica : |b |b Universidad de Costa Rica. Escuela de Formación Docente. INIE, |c 2009 | ||
| 300 | |a 550 páginas | ||
| 650 | 1 | 4 | |a INFORMES DE ACTIVIDADES |9 1465 |
| 942 | |i 00212 |h 19.02.08 90 |2 z |c 04 | ||
